000 00803nam a2200229Ia 4500
001 10010
003 GE_BSU
008 181216s||||||||xx |||||||||||||| ||und||
040 _cGE_BSU
080 _a82-93:821.353.1-1
100 _aონელი,არნო
245 _aმოდის გია თუხარელი
245 _bლექსები უმცრ. სასკ.ასაკის ბავშვებისათვის
245 _cრედ.რ.ინანიშვილი,მხატვ.ლ.ქველიძე
260 _aთბილისი
260 _bნაკადული
260 _c1967
300 _a77გვ.20სმ.
653 _aლექსები
653 _aმოდის გია თუხარელი
942 _cBK
999 _c43283
_d43283